Introducción a la termodinámica en ingeniería química

Guardado en:
書目詳細資料
主要作者: Smith, Joe Mauk, 1916
其他作者: Velasco Ayala, Ileana Traductora, Van Ness, H. C.
格式: 圖書
語言:Spanish
出版: México : McGraw-Hill, c1989.
主題:
標簽: 添加標簽
沒有標簽, 成為第一個標記此記錄!

MARC

LEADER 00000nam a2200000Ia 4500
003 000261
005 20221231144008.0
008 140114s1989 mx 000 ||spa d
040 |c cru CEDI 
082 |a 536.1 S651i 
100 |a Smith, Joe Mauk, 1916  |9 19657 
245 |a Introducción a la termodinámica en ingeniería química  
260 |a México : McGraw-Hill,   |c c1989. 
300 |a xii, 718 páginas : ilustraciones ; 23 cm 
500 |a Traduccion de: Introduction to chemical engineering thermodynamics. 
650 |x TERMODINAMICA  |9 19658 
700 |9 19655  |a  Velasco Ayala, Ileana  |d Traductora 
700 |9 19656  |a Van Ness, H. C.  
942 |2 ddc  |c BK 
999 |c 15348  |d 15348